00385nam a2200157Ia 4500001000500000005001700005008004100022041000800063082001300071100003500084245004900119260000900168300003400177650000800211654000800219355420260306145652.0260306t2015||||xx |||||||||||||| ||spa|| aESP a289bS26 aSarmiento Franco, AugustoeAUT 0aLa familia en el magisterio de Benedicto XVI c2015 axlvi, 395 páginas :c24 cm. aGEN aCHU